000
00235nam a22000977a 4500
999
_c
526600
_d
526600
082
_a
SNT W6x54 D23
100
_a
Das, Pradyumna
_9
46076
245
_a
Geography of Air transport in India
260
_a
Delhi
_b
Vista
_c
2007
300
_a
197p.